The Fall of Soviet Communism, 1986-1991 (Record no. 577794)

MARC details
000 -LEADER
fixed length control field 00915nam a2200169Ia 4500
008 - FIXED-LENGTH DATA ELEMENTS--GENERAL INFORMATION
fixed length control field 250728s9999 xx 000 0 und d
020 ## - INTERNATIONAL STANDARD BOOK NUMBER
ISBN 9781403916020
082 ## - DEWEY DECIMAL CLASSIFICATION NUMBER
Classification number 947.0854
Item number SMI
100 ## - MAIN ENTRY--AUTHOR NAME
Personal name Smith, Jeremy
245 #4 - TITLE STATEMENT
Title The Fall of Soviet Communism, 1986-1991
260 ## - PUBLICATION, DISTRIBUTION, ETC. (IMPRINT)
Name of publisher Palgrave Macmillan
Year of publication 2005
300 ## - PHYSICAL DESCRIPTION
Number of Pages 148 pages
500 ## - GENERAL NOTE
General note In 1991, Communist rule in the Soviet Union came to an end after 84 years, and the world's largest state, one of the two global superpowers, broke up into fifteen independent countries. Few had predicted such an outcome when Mikhail Gorbachev became the leader of the Soviet Union six years before. Jeremy Smith discusses the long-term and short-term factors behind this extraordinary collapse, assessing the impact of economic crisis, nationalism, personalities and democratization in the process.
650 ## - SUBJECT ADDED ENTRY--TOPICAL TERM
Topical Term History
942 ## - ADDED ENTRY ELEMENTS (KOHA)
Koha item type English Books
Holdings
Withdrawn status Lost status Damaged status Not for loan Home library Current library Shelving location Date acquired Full call number Accession Number Price effective from Koha item type
        Anna Centenary Library Anna Centenary Library 7TH FLOOR, B WING 28.07.2025 947.0854 SMI 321160 28.07.2025 English Books

Find us on the map